| 000 | 00497nam a2200181Ia 4500 | ||
|---|---|---|---|
| 005 | 20250325065104.0 | ||
| 008 | 240331s9999 xx 000 0 und d | ||
| 082 |
_a302.234 _bBAS _2474 |
||
| 100 | _aBaskaran, S.T | ||
| 245 | 4 |
_aThe Message Bearers: _bThe Nationalist Politics and the Entertainment Media in South India 1880-1945 |
|
| 260 |
_aMadras, _bCre-A _c1981 |
||
| 300 | _a203 p.,Media | ||
| 650 | _aMedia | ||
| 650 | _aCinema | ||
| 650 | _aHistory | ||
| 650 | _aNationalism | ||
| 942 | _cL | ||
| 999 |
_c1149 _d1149 |
||